000 02226cam a2200421 i 4500
005 20260322212026.0
008 data
010 _a 2011029353
020 _a9780226279206 (paperback)
020 _a0226279200 (paperback)
040 _aICU/DLC
_beng
_erda
_cDLC
_dNhCcYME
_dBTCTA
_dBDX
_dYDXCP
_dVP@
_dCDX
_dNhCcYME
041 1 _aeng
_hspa
042 _apcc
050 0 0 _aPQ8549.G24
_bD613 2012
082 0 0 _a863/.62
_223
099 _aGALLE R
100 1 _aGallegos, Rómulo,
_d1884-1969.
240 1 0 _aDoña Bárbara.
_lEnglish
245 1 0 _aDoña Barbara /
_cRómulo Gallegos & Robert Malloy.
250 _aUniversity of Chicago Press edition.
260 _aCHICAGO, IL :
_bThe University of Chicago Press,
_c1969.
264 1 _aLondon :
_aLondon :
_bThe University of Chicago Press,
_c2012.
300 _a440 pages ;
_c21 cm
336 _atext
_2rdacontent
337 _aunmediated
_2rdamedia
338 _avolume
_2rdacarrier
505 0 0 _tGleam Of A Star.
_tWho Is With Us? --
_tDescendant Of The Cunavichero --
_tOgress --
_tThousand Different Paths --
_tLance-Head In The Wall --
_tMemory Of Hasdrubal --
_tTawny Bull --
_tHorse-Breaking --
_tSphinx Of The Savannah --
_tSpectre Of La Barquerena --
_tSleeping Beauty --
_tDay Will Come --
_tSenor Danger --
_tPart II --
_tUnusual Event --
_tTrainers --
_tFuries --
_tRodeo --
_tMutations --
_tTerror Of The Bramador --
_tWild Honey --
_tPhoenix --
_tDance --
_tPassion Without A Name --
_tImaginary Solutions --
_tSong And Story --
_tEvil-Eye And Her Shadow --
_tPart III --
_tTerror Of The Savannahs --
_tWhirlwinds --
_tNo Pernalete --
_tCross Roads --
_tMan's Hour --
_tIneffable Discovery --
_tInscrutable Designs --
_tRed Glory --
_tAmusement For Senor Danger --
_tWithdrawal --
_tLight In The Cave --
_tDotting The E'S --
_tDaughter Of The Rivers --
_tGleam Of A Star.
650 0 _aMatriarchy
_zVenezuela
_vFiction.
650 0 _aLandowners
_zVenezuela
_vFiction.
650 0 _aUpper class families
_zVenezuela
_vFiction.
650 0 _aFamilies
_zVenezuela
_vFiction.
650 0 _aWomen
_xPsychology
_vFiction.
650 0 _aFarmers
_zVenezuela
_vFiction.
650 0 _aMothers and daughters
_vFiction.
651 0 _aVenezuela
_xSocial conditions
_vFiction.
700 1 _aMalloy, Robert.
001 data
999 _c585
_d585